Name the flags of the continents - Statistics

General Stats
  • This quiz has been taken 32 times
  • The average score is 8 of 13
Answer Stats
Picture Answer % Correct
Asia
96%
North America
96%
Africa
93%
Antarctica
93%
Europe
93%
South America
93%
Oceania
89%
Eurasia
43%
The Caribbean
36%
Polynesia
29%
The Americas
21%
The World
21%
Pangea
11%
No matching quizzes found
Score Distribution
Percent of People with Each Score
Percentile by Number Answered
Your Score History
You have not taken this quiz